000 00717nam a2200289Ia 4500
001 6010
005 20240113233858.0
007 ta
008 050624s1971 g b000 u eng u
040 _aCotton College,Assam
041 _aeng
082 _a823
_bH 222 T
100 _aHardy, Thomas .
245 0 _aTess of The D`urbervilles: A Pure Woman /
_cThomas Hardy.
_hTextual Documents
250 _a1st ed. /
260 _aLondon :
_bMacmillan ,
_c1971.
300 _ax, 446p. ;
_c20cm.
653 _aEnglish Novel
653 _aG-English
653 _aT/G- English
942 _2ddc
_cBK
999 _c5997
_d5997